=LDR 00000nam 2200000 4500 =001 INLIS000000000014008 =005 20130612105320 =008 ***********************************Ind** =035 ##$$0010-061300000014008 =041 ##$$a Ind =082 ##$$a R.334.03 =090 ##$$a R.334.03, Hen k =100 ##$$a Hendrigues =245 ##$$a Kamus koperasi lima bahasa, Hendrigues =260 ##$$a 1993 $b Bandung =300 ##$$a vi, 197 hlm, 21 cm =650 ##$$a Koperasi =650 ##$$a Kamus =850 ##$$a NBPNMAT